Frankenstein : o el moderno Prometeo /
Víctor Frankenstein, joven suizo, estudiante de medicina, está obsesionado por conocer los secretos del cielo y la tierra. En su afán por desentrañar la misteriosa alma del hombre, Víctor crea un cuerpo a partir de la unión de distintas partes de cadáveres diseccionados.
Guardado en:
| Autor Principal: | |
|---|---|
| Formato: | Libro |
| Idioma: | Undetermined |
| Publicado: |
Buenos Aires :
La estación,
2013.
|
| Edición: | 1era ed. |
| Materias: | |
| Etiquetas: |
Agregar Etiqueta
Sin Etiquetas, Sea el primero en etiquetar este registro!
|
| LEADER | 00868nam a22001935a 4500 | ||
|---|---|---|---|
| 001 | CEM.cems025254 | ||
| 008 | 260701s2013####ag############000#0#und#d | ||
| 005 | 20260701123123.0 | ||
| 245 | 1 | 0 | |a Frankenstein : |b o el moderno Prometeo / |c Mary Shelley, versión de Franco Vaccarini. |
| 250 | |a 1era ed. | ||
| 260 | |a Buenos Aires : |b La estación, |c 2013. | ||
| 300 | |a 128 p. ; |c 20 cm. | ||
| 520 | |a Víctor Frankenstein, joven suizo, estudiante de medicina, está obsesionado por conocer los secretos del cielo y la tierra. En su afán por desentrañar la misteriosa alma del hombre, Víctor crea un cuerpo a partir de la unión de distintas partes de cadáveres diseccionados. | ||
| 020 | |a 9789871652075 | ||
| 100 | 1 | |a Shelley, Mary, |d 2013. | |
| 082 | 0 | 4 | |a 823.9 |
| 653 | |a Literatura inglesa | ||
| 653 | |a Novela | ||
| 859 | |a CEMS |b BIB. CEMS - Agricultura |h 823.9 |i Sch44-1 |p A3585.23 |t Ej.1 | ||
